000 00272nam a22001217a 4500
008 190205b xxu||||| |||| 00| 0 eng d
041 _aeng
080 _a341
100 _a13
101 _aSHJ
245 _aThe Nature and Functions of Law
_cBerman, H.J
942 _2udc
_cBK
999 _c54074
_d54074